Mapa de las provincias de España en 1960 - Estadísticas

Estadísticas generales
  • Esta prueba ha sido intentada 143 veces
    86 desde el último reinicio
  • La puntuación promedio es 47 de 56
Respuestas en el mapa
Las respuestas están codificadas por una escala verde-roja en el mapa de la prueba según el % correcto abajo.
 
Estadísticas de respuestas
Respuesta % Correcto
Málaga
95%
Sevilla
95%
Cádiz
94%
Huelva
94%
Asturias
92%
Badajoz
92%
Córdoba
92%
Granada
92%
Islas Baleares
92%
Murcia
92%
Alicante
90%
Barcelona
90%
León
90%
Madrid
90%
Salamanca
90%
Toledo
90%
Valencia
90%
Burgos
89%
Cáceres
89%
Castellón
89%
Jaén
89%
Lugo
89%
Navarra
89%
Segovia
89%
Albacete
87%
Almería
87%
Ávila
87%
Ceuta
87%
Ciudad Real
87%
Guadalajara
87%
Huesca
87%
Melilla
87%
Pontevedra
87%
Tarragona
87%
Zaragoza
87%
Cuenca
86%
Álava
84%
Teruel
84%
Zamora
84%
Gerona
83%
Las Palmas
83%
Lérida
83%
Valladolid
83%
Palencia
81%
Soria
81%
Orense
78%
Vizcaya
78%
Guipúzcoa
76%
La Coruña
76%
Santa Cruz de Tenerife
75%
Ifni
73%
Santander
73%
Logroño
68%
Sahara Occidental
60%
Fernando Poo
27%
Río Muni
24%
No se encontraron pruebas coincidentes
Distribución de puntuación
Porcentaje de gente con cada puntuación
Porcentaje por número respondido
Historial de tus puntuaciones
No has intentado esta prueba desde el último reinicio